000 00352nam a2200145Ia 4500
008 230917s9999||||xx |||||||||||||| ||und||
040 _e200097
_aMAIN
041 _aEnglish
082 _a589.3 V59T
100 _aVerma, H K
245 0 _aTextbook of algae
260 _aNew Delhi
_bRandom Publications
_c2012
300 _aviii, 296 p.
942 _cBK
999 _c159736
_d159736